000 00821nam a2200265Ia 4500
003 OSt
005 20220926005814.0
006 a|||||r|||| 00| 0
007 ta
008 220923b |||||||| |||| 00| 0 eng d
020 _a9788174969880
_c293.25
037 _b5414, 05/03/2014, Indraprastha Books
_cGeneral Book
040 _aRTL
_cRTL
_beng
041 _2eng
_aeng
082 _aX512, P8
100 _aDAS Abhijit
_9294427
245 0 _aTAXMANN'S MALL management with case studies
250 _a2nd
260 _a New Delhi
_bTaxmann
_c2008
300 _a1-10, 538p
_ccm.
490 _aInternational Encyclopaedia of Professional Management Series
650 _aCommerce
942 _hX512, P8
_cGB
_2CC
999 _c615311
_d615311